Mathematical Methods in Kinetic Theory
Αποθηκεύτηκε σε:
| Κύριος συγγραφέας: | |
|---|---|
| Μορφή: | Βιβλίο |
| Γλώσσα: | English |
| Δημοσίευση: |
New York :
Plenum Press,
c1990
|
| Έκδοση: | 2nd ed. |
| Θέματα: | |
| Ετικέτες: |
Προσθήκη ετικέτας
Δεν υπάρχουν, Καταχωρήστε ετικέτα πρώτοι!
|
MARC
| LEADER | 00000nam a2200000 i 4500 | ||
|---|---|---|---|
| 001 | 1/48888 | ||
| 008 | 950821s1990 eng d | ||
| 020 | |a 0-306-43460-1 | ||
| 035 | |a 1995 |c ΦΛΕΣΣΑΣ |l 10043462 | ||
| 040 | |a GR-MY-UA |b gre |e aacr | ||
| 041 | 0 | |a eng | |
| 082 | 0 | |a 530.136 | |
| 100 | 1 | |a Cercignani, Carlo. | |
| 245 | 1 | 0 | |a Mathematical Methods in Kinetic Theory / |c Carlo Cercignani |
| 250 | |a 2nd ed. | ||
| 260 | |a New York : |b Plenum Press, |c c1990 | ||
| 300 | |a 252 p.; |b ill.; |c 24 cm. | ||
| 500 | |a Includes bibliographical references and index | ||
| 650 | 0 | 0 | |a Kinetic theory of gases. |
| 650 | 0 | 0 | |a Boundary value problems. |
| 852 | |a INST |b SAMOS |e 19950821 |h 530.136 CER |p 005300004974 |q 005300004974 |t BK |y 0 | ||
| 909 | |a Σ |b 041862 | ||